[Event "Main Event"]
[Site "Chess.com"]
[Date "2023.06.13"]
[Round "1"]
[White "Dardha, Daniel"]
[Black "Lazavik, Denis"]
[Result "0-1"]
[WhiteElo "2619"]
[BlackElo "2553"]
[EventDate "2023.??.??"]
[Annotator "rafael"]
[PlyCount "78"]
[Beauty "7701144802832"]
[EventType "schev"]
[EventRounds "2"]
[TimeControl "180+1"]

1.d4 Nf6 2.Bg5 d5 3.e3 c5 {This variation is considered one of Black's best options against the Trompowsky.} 4.Bxf6 gxf6 5.dxc5 e6 6.Nf3 Bxc5 7.Be2 O-O ( 7...Nc6 {is played most often, but Lazavik shows an interesting plan in the game.} ) 8.O-O Be7 $5 {[%c_effect e7;square;e7;type;Interesting;persistent;true] A clever move, probably prepared beforehand. The bishop is useful on e7, as it can later be positioned on f6 (with f6-f5 and then Bf6). Meanwhile, Black fights against White's most active plan (c2-c4) by preparing to exchange queens.} ( 8...Nc6 9.c4 dxc4 {This position was featured in a few high-level games.} ) 9.c4 ( 9.Nbd2 {This move was tried in a correspondence game and also later in the match. White's attempts were unsuccessful in both cases.} 9...Nc6 10.Qc1 ( 10.a3 {Dardha played this later, but the result was also not good.} ) 10...b6 11.Rd1 Bb7 {with a good position for Black in Moessle-Corti, email 2020.} ) 9...dxc4 10.Qc2 Qc7 $1 {[%c_effect c7;square;c7;type;GreatFind;persistent;true] This is the idea of not developing the knight on c6 so soon.} 11.Nbd2 ( 11.Bxc4 {After this natural move, Black is able to exchange queens after} 11...b5 $1 {[%c_effect b5;square;b5;type;GreatFind;persistent;true] achieving a good position.} ) 11...Nd7 ( 11...b5 $6 {[%c_effect b5;square;b5;type;Inaccuracy;persistent;true] is bad since Black can't hold the pawn structure after} 12.a4 ) 12.Rac1 $6 {[%c_effect c1;square;c1;type;Inaccuracy;persistent;true] Another case of the \"wrong rook.\" I think it was Capablanca that once gave the right advice whenever you are in doubt about which rook you should move to a given file: \"Decide which rook looks the most natural to you. Then play the other one\".} ( 12.Qxc4 {leads to an equal endgame after} 12...Qxc4 13.Nxc4 ) ( 12.Rfc1 {is better, keeping the rook on a1 in case White needs to play a2-a4.} ) 12...b5 13.a4 a6 14.Nd4 {White regains the pawn after the b2-b3 break, but Black will be better anyway.} 14...Bb7 $1 {[%c_effect b7;square;b7;type;GreatFind;persistent;true]} 15.b3 ( 15.axb5 axb5 16.Nxb5 $2 {[%c_effect b5;square;b5;type;Mistake;persistent;true] loses a piece after} 16...Qc6 ) 15...Nc5 $1 {[%c_effect c5;square;c5;type;GreatFind;persistent;true]} 16.axb5 axb5 17.bxc4 b4 $1 {[%c_effect b4;square;b4;type;GreatFind;persistent;true] A typical device that has been seen many times in similar structures. The white c-pawn is blocked while the black b-pawn is dangerous.} 18.Rb1 Na4 {The knight wants to reach c3.} 19.Bf3 ( 19.Nb5 {Here and on the next move, White misses the chance to avoid Nc3 by Black.} ) 19...Bxf3 20.N4xf3 $6 {[%c_effect f3;square;f3;type;Inaccuracy;persistent;true]} ( 20.Nb5 $1 {[%c_effect b5;square;b5;type;GreatFind;persistent;true] is necessary.} ) 20...Nc3 {Now Black has a clear advantage with the monster knight.} 21.Ra1 Rfd8 22.Nd4 f5 $1 {[%c_effect f5;square;f5;type;GreatFind;persistent;true] The right plan. The bishop can go to f6, and Black can break with f5-f4.} 23.Qb3 f4 ( 23...Rxa1 24.Rxa1 e5 $1 {[%c_effect e5;square;e5;type;GreatFind;persistent;true]} 25.N4f3 ( 25.Nxf5 Rxd2 ) 25...Bf6 {followed by e5-e4 and White has a miserable position.} ) 24.N2f3 Bc5 25.Kh1 Rxa1 26.Rxa1 Qb7 27.Ra5 {This is not good, but White's position was very bad anyway.} 27...Ne4 ( 27...Ra8 $1 {[%c_effect a8;square;a8;type;GreatFind;persistent;true] wins with machine-like precision:} 28.Rxc5 Ne4 $1 {[%c_effect e4;square;e4;type;GreatFind;persistent;true] The exchange is lost since the rook has no time to move:} 29.Rb5 $2 {[%c_effect b5;square;b5;type;Mistake;persistent;true]} 29...Ra1+ 30.Ng1 Nxf2# ) 28.Qc2 ( 28.Ra2 {is more stubborn.} ) 28...fxe3 29.fxe3 b3 $1 {[%c_effect b3;square;b3;type;GreatFind;persistent;true]} 30.Qb2 ( 30.Nxb3 Rd1+ 31.Qxd1 Nf2+ {wins the queen.} ) 30...Qb4 31.Ra1 Qxc4 $6 {[%c_effect c4;square;c4;type;Inaccuracy;persistent;true]} ( 31...Bxd4 $1 {[%c_effect d4;square;d4;type;GreatFind;persistent;true] is more accurate:} 32.Nxd4 ( 32.exd4 Qxc4 {with a winning position.} ) 32...Qd2 $1 {[%c_effect d2;square;d2;type;GreatFind;persistent;true] Black wins with some pretty moves.} 33.Qxb3 Nf2+ 34.Kg1 Nd3 $1 {[%c_effect d3;square;d3;type;GreatFind;persistent;true] Threatening the e3-pawn.} 35.Nc2 Nc1 $1 {[%c_effect c1;square;c1;type;GreatFind;persistent;true] Nice geometry. White loses material.} ) 32.Qxb3 Qxb3 33.Nxb3 Bxe3 34.Re1 $6 {[%c_effect e1;square;e1;type;Inaccuracy;persistent;true]} ( 34.g3 {gives more chances.} ) 34...Rd3 {Let's not forget this is a blitz game, so mistakes are expected when the players are very low on time.} 35.Nc1 $6 {[%c_effect c1;square;c1;type;Inaccuracy;persistent;true]} ( 35.Rb1 {is better, although White is lost.} ) 35...Nf2+ $6 {[%c_effect f2;square;f2;type;Inaccuracy;persistent;true]} ( 35...Rd1 $1 {[%c_effect d1;square;d1;type;GreatFind;persistent;true] is the right move order:} 36.Rxd1 Nf2+ 37.Kg1 Nxd1+ {winning just like in the game.} ) 36.Kg1 Rd1 $6 {[%c_effect d1;square;d1;type;Inaccuracy;persistent;true]} ( 36...Ng4+ ) 37.Rxd1 $2 {[%c_effect d1;square;d1;type;Mistake;persistent;true]} ( 37.Kf1 $1 {[%c_effect f1;square;f1;type;GreatFind;persistent;true] defends everything. Black has to try to win the endgame a pawn up, but it's unclear whether this is possible.} ) 37...Nxd1+ {Now Lazavik wins a piece, and the game is over.} 38.Kf1 Bxc1 39.Ke2 Nc3+ 0-1

[Event "Tech Mahindra Global Chess League 2023"]
[Site "Chess.com"]
[Date "2023.06.25"]
[Round "5"]
[White "Sindarov, Javokhir"]
[Black "Praggnanandhaa, R."]
[Result "0-1"]
[WhiteElo "2596"]
[BlackElo "2587"]
[EventDate "2023.??.??"]
[Annotator "rafael"]
[PlyCount "82"]
[Beauty "7561310896137"]
[EventType "team-tourn"]
[TimeControl "900+10"]

1.e4 e5 2.Nf3 Nc6 3.Bc4 Bc5 4.Nc3 Nf6 5.d3 a6 6.Nd5 $5 {[%c_effect d5;square;d5;type;Interesting;persistent;true] The game quickly enters uncharted territory. There are only 40 games in my database with this move, which is quite a feat for move six in such a mainstream opening as the Italian.} 6...Nxd5 ( 6...h6 {was Anand's choice when facing this position.} 7.c3 d6 8.h3 Ba7 9.a4 Be6 10.a5 Bxd5 11.exd5 Ne7 12.d4 exd4 13.Nxd4 O-O {Black later won the battle of the legends. Kramnik x Anand, Wijk aan Zee 2019.} ) 7.Bxd5 {The best way to capture.} ( 7.exd5 Nd4 {leads to equality. Capturing the pawn on e5 is bad:} 8.Nxd4 ( 8.Nxe5 $6 {[%c_effect e5;square;e5;type;Inaccuracy;persistent;true]} 8...d6 ( 8...Qe7 $2 {[%c_effect e7;square;e7;type;Mistake;persistent;true] is not effective since White can simply castle.} 9.O-O ) 9.Nf3 Bg4 {with the initiative.} ) 8...Bxd4 ) 7...O-O 8.O-O ( 8.Bxc6 {Of course, the e5-pawn cannot be captured due to an old trick:} 8...dxc6 9.Nxe5 $4 {[%c_effect e5;square;e5;type;Blunder;persistent;true]} 9...Qd4 ) 8...d6 9.c3 Qf6 10.a4 ( 10.b4 {This is a natural alternative, trying to gain space on the queenside.} ) 10...a5 11.h3 h6 {It's usually good to reply to an h3-move with ...h6, making clear to your opponent that you're also patient. Slow maneuvers begin, and the evaluation (equality) doesn't change for a long time.} 12.Bb3 Ba7 13.Be3 Be6 14.Re1 Bxe3 15.Rxe3 Rad8 16.Bxe6 Qxe6 17.d4 {White finally takes some concrete action in the center. Now Black has a choice: whether to keep the central tension or play ...17...exd4.} 17...Ne7 ( 17...exd4 {is also playable. This capture is attractive when the white pawn is on a4, since the knight can use b4 as a strong point.} 18.cxd4 ( 18.Nxd4 {is also natural, but I don't think Black has much to fear after the exchange of knights.} 18...Nxd4 19.cxd4 ( 19.Qxd4 b6 ) 19...f5 {with an equal position.} ) 18...Nb4 {The knight is well placed here, and the position is more or less equal.} ( 18...d5 {is also possible:} 19.e5 f6 ) ) 18.Qe2 ( 18.d5 $6 {[%c_effect d5;square;d5;type;Inaccuracy;persistent;true] is premature. Black is ready to play ...f7-f5 after} 18...Qd7 ) ( 18.b4 {is an interesting way to create more action on the queenside.} ) 18...c6 {Black decides to avoid a queen invasion on b5.} 19.Qc2 ( 19.c4 {changes the pawn structure, but Black can play} 19...c5 $5 {[%c_effect c5;square;c5;type;Interesting;persistent;true]} 20.d5 Qd7 {Followed by the ...f7-f5 push.} ) ( 19.Rd1 {doesn't change the character of the game after} 19...Ng6 ) 19...Ng6 20.Rd1 Rfe8 21.Kh2 Nf4 22.Rd2 Qc8 23.Qb3 Qc7 24.g3 Ne6 {Both players showed considerable patience during the maneuvering phase, but now the fireworks are about to begin.} 25.h4 {It's not clear what this move achieves.} ( 25.Qd1 {Maybe this is more accurate.} ) 25...exd4 $1 {[%c_effect d4;square;d4;type;GreatFind;persistent;true] Praggnanandhaa changes the pawn structure at the right time.} 26.cxd4 ( 26.Nxd4 $2 {[%c_effect d4;square;d4;type;Mistake;persistent;true]} 26...Nc5 27.Qc2 d5 $1 {[%c_effect d5;square;d5;type;GreatFind;persistent;true]} ) 26...d5 $1 {[%c_effect d5;square;d5;type;GreatFind;persistent;true]} 27.e5 {The only move in order to avoid being left with an isolated pawn.} 27...c5 {White has many options, all of them leading to a more or less drawn position.} 28.Rc3 ( 28.dxc5 d4 {This looks very dangerous for White, but it's also balanced.} 29.Red3 {with equality.} ) ( 28.Qb5 cxd4 29.Nxd4 Nxd4 30.Rxd4 Rxe5 31.Rxe5 Qxe5 32.Rd2 {White regains the pawn with a likely draw.} ) 28...Qe7 ( 28...c4 {This advance tends to be positionally dangerous, and a human would be afraid of playing it. White can try to break the pawn chain with b2-b3, getting a better pawn structure. That being said, the computer shows the position is also equal, for instance:} 29.Qb5 Qc6 30.Qxc6 bxc6 31.b3 cxb3 32.Rxb3 Rb8 33.Rdb2 Rxb3 34.Rxb3 Rc8 {followed by ...c6-c5.} ) ( 28...Qc6 {is a good alternative.} ) 29.Qb6 ( 29.dxc5 $2 {[%c_effect c5;square;c5;type;Mistake;persistent;true]} 29...Nxc5 {followed by 30...Ne4, winning the exchange.} ) ( 29.Qb5 {leads to a draw after} 29...cxd4 30.Nxd4 Nxd4 31.Rxd4 Qxe5 32.Re3 ( 32.Rcd3 ) 32...Qxd4 33.Rxe8+ Rxe8 34.Qxe8+ Kh7 35.Qxf7 ) 29...Nxd4 30.Nxd4 cxd4 31.Rxd4 ( 31.Qxd4 Qxe5 {should end in a draw. I suspect Sindarov was still playing for the win and trying to avoid drawing variations.} ) 31...Qxe5 32.Rcd3 ( 32.Re3 {Again we have a draw:} 32...Qf6 ( 32...Qf5 33.Kg2 {is a bit dangerous for Black.} ) 33.Qxf6 gxf6 34.Rxe8+ Rxe8 35.Rxd5 Re2 36.Rb5 Rxf2+ 37.Kg1 ( 37.Kh3 {doesn't change the evaluation.} ) 37...Rc2 38.Rxb7 Kg7 ) 32...Rd6 33.Qxa5 $6 {[%c_effect a5;square;a5;type;Inaccuracy;persistent;true] This is the beginning of White's problems.} ( 33.Qxb7 Rf6 34.Rd2 Rxf2+ 35.Rxf2 Qxd4 36.Qxf7+ Kh7 {with a draw.} ) 33...Rf6 34.Rd2 $6 {[%c_effect d2;square;d2;type;Inaccuracy;persistent;true]} ( 34.Kg2 $2 {[%c_effect g2;square;g2;type;Mistake;persistent;true] loses to} 34...Qe2 {and the f2-pawn can't be defended.} ) ( 34.Qd2 Qe2 35.Rf4 Rxf4 36.Qxe2 ( 36.gxf4 $2 {[%c_effect f4;square;f4;type;Mistake;persistent;true]} 36...Qg4 ) 36...Rxe2 ( 36...Rxh4+ 37.gxh4 Rxe2 38.Kg3 Rxb2 39.Rxd5 {with a theoretical draw in the rook endgame.} ) 37.gxf4 Rxf2+ 38.Kg3 Rxb2 39.Rxd5 {with an easy draw, but I'd rather make a draw a pawn up than a pawn down.} ) 34...Qe1 $1 {[%c_effect e1;square;e1;type;GreatFind;persistent;true] Suddenly the position becomes very dangerous for White.} 35.Qxd5 ( 35.Kg2 $2 {[%c_effect g2;square;g2;type;Mistake;persistent;true] loses to} 35...Rxf2+ 36.Rxf2 Qxa5 ) 35...Rxf2+ 36.Rxf2 Qxf2+ 37.Kh3 Re3 38.Rg4 $2 {[%c_effect g4;square;g4;type;Mistake;persistent;true] The losing move.} ( 38.Qg2 {is necessary. The position is ugly, but there's no winning blow available for Black.} ) 38...Qf1+ {The simplest way to win.} 39.Qg2 Qf5 $1 {[%c_effect f5;square;f5;type;GreatFind;persistent;true]} 40.Qd2 ( 40.h5 {is the only way not to lose the rook, but the game will soon be over after} 40...Qxh5+ 41.Rh4 Qe5 ) 40...Re4 41.Qd1 h5 0-1